01628nam a2200337 i 4500003000900000005001700009007000300026008004100029020001800070040003000088041000800118082001900126100003800145245012800183264006700311300002900378336002800407337003500435338002900470590002700499700003700526700004300563910000700606942001400613952012700627952013200754952013500886952012601021952012601147999001701273DO-SdBNP20250526140355.0ta250526b2025 dr ||||| |||| 00| 0 spa d a9789945649505 aDO-SdBNPbspacBNPHUerda aspa 4axxxbG718u2221 aGouther, Jenneautor4aut.98771213aUn corazón deshidratado :bguía devocionalcJenn Gouther ; corrección, Muyli Leal ; diagramación, Manuel Cubilette. 4aSanto Domingo, República Dominicana :bPrintbarato,c©2025. a115 páginas ;c22 cm.  atextobtxt2rdacontent  asin mediación bn2rdamedia  avolumenbnc2rdacarrier  aInventariado, 2025 /LP1 aLeal, Muyli eautor4aut.9878741 aCubilette, Manuel eautor4aut.987875 aLP 2ddccLBS1 00102ddc51708PDaBNPHUbBNPHUcCTd2025-04-08eDepósito Legall0oxxx G718up2025-4057r2025-05-09w2025-05-09yLBS1 00102ddc51708PDaBNPHUbBNPHUcCTd2025-04-08eDepósito Legall0oxxx G718up2025-4058r2025-05-09te.2w2025-05-09yLBS1 00102ddc56708DSaBNPHUbBNPHUcCTd2025-04-08eDepósito Legall0oxxx G718up2025-4059r2025-05-09te.3w2025-05-09yLBS1zn 00102ddc51708DSaBNPHUbBNPHUcCTd2025-03-08eDonaciónl0oxxx G718up2025-4193r2025-05-13te.4w2025-05-13yLBS1 00102ddc51708DSaBNPHUbBNPHUcCTd2025-03-08eDonaciónl0oxxx G718up2025-4194r2025-05-13te.5w2025-05-13yLBS1 c58977d58977